00682nam a2200193Ia 4500952015100000999001700151003000400168005001700172008004100189020001500230040000900245082001800254100002600272245008300298250001200381260004300393300000900436942004300445 00102ddc40708LIBRARY SCIENCEaMESbMEScLIBRARY SCIENCEd2019-02-20g75.00l0o025.32 KUM/Ap21950r2019-02-20 00:00:00w2019-02-20yREFzU4R1 c36235d36235OSt20201207102617.0190216s9999||||xx |||||||||||||| ||und|| a0706997557 coclc a025.32bKUM/A aKumar, Krishan 97227 3aAn Introduction To AACR2 :b Anglo American Cataloguing Rules /cKrishan Kumar a3rd Ed. bVikas Publications,c1986.aNew Delhi: a220p cREF2ddch025.32iKUM/Ak025.32mKUM/A